Online
Catalog

Obras completas / (Record no. 33434)

MARC details
000 -CABECERA
campo de control de longitud fija 00757nam a2200205 a 4500
001 - NÚMERO DE CONTROL
campo de control 000033943
005 - FECHA Y HORA DE LA ÚLTIMA TRANSACCIÓN
campo de control 20200930070638.0
008 - DATOS DE LONGITUD FIJA--INFORMACIÓN GENERAL
campo de control de longitud fija 110914s2009 ag 000 0 spa d
020 ## - NÚMERO INTERNACIONAL ESTÁNDAR DEL LIBRO
Número Internacional Estándar del Libro 9789871133703
020 ## - NÚMERO INTERNACIONAL ESTÁNDAR DEL LIBRO
Número Internacional Estándar del Libro 9789871133710
040 ## - FUENTE DE LA CATALOGACIÓN
Centro catalogador/agencia de origen DO-SdBNP
Lengua de catalogación spa
Centro/agencia transcriptor BNPHU
049 ## - FONDOS LOCALES (OCLC)
Fondos de biblioteca BNPD
100 1# - ENTRADA PRINCIPAL--NOMBRE DE PERSONA
Nombre de persona Scalabrini Ortíz, Raúl,
Fechas asociadas al nombre 1898-1959
9 (RLIN) 59395
245 10 - MENCIÓN DE TÍTULO
Título Obras completas /
Mención de responsabilidad, etc. Raúl Scalabrini ortíz.
260 ## - PUBLICACIÓN, DISTRIBUCIÓN, ETC.
Lugar de publicación, distribución, etc. Argentina :
Nombre del editor, distribuidor, etc. Editorial Fundación Ross,
Fecha de publicación, distribución, etc. 2009.
300 ## - DESCRIPCIÓN FÍSICA
Extensión 527, 303 p. ;
Dimensiones 22 cm.
490 #1 - MENCIÓN DE SERIE
Mención de serie Biblioteca popular
-- Documentos
505 0# - NOTA DE CONTENIDO CON FORMATO
Título Política británica en el Río de la Plata --
-- Los ferrocarriles deben ser del pueblo argentino --
-- Historia de los ferrocarriles argentinos
830 #0 - PUNTO DE ACCESO ADICIONAL DE SERIE-TÍTULO UNIFORME
Título uniforme Biblioteca Popular
Nombre de parte o sección de la obra Documentos
9 (RLIN) 59396
Holdings
Estado de retiro Estado de pérdida Restricciones de uso No para préstamo Código de colección Localización permanente Ubicación/localización actual Ubicación en estantería Fecha de adquisición Número de inventario Total de préstamos Signatura topográfica completa Código de barras Fecha visto por última vez Precio válido a partir de Tipo de ítem Koha
        Monografías: Libros y Folletos General General En catalogación 14.09.2011 LF1   33943-10 25.06.2020 25.06.2020 Préstamo en sala

Powered by Koha